Statistics for Every Mask in Majora's Mask

Click here to take the quiz!

General Stats

  • This quiz has been taken 16 times
  • The average score is 15 of 30

Answer Stats

WhereCan ObtainAnswer% Correct
Goron GraveyardAfter Obtaining the Lens of Truth{Goron} Mask
100%
Great Bay CoastAfter Obtaining Epona{Zora} Mask
100%
Clock TowerAfter Obtaining Ocarina of Time{Deku} Mask
92%
MoonAfter Obtaining all 20 Normal Masks and Completing Trials Inside the Moon{Fierce Diety} Mask
67%
Stone Tower TempleAfter Defeating Eyegore (N64)/Midway Through T------d Battle (3DS){Giant's} Mask
67%
Cucco ShackAfter Obtaining B----n MaskBunny Hood
58%
Swamp Spider HouseAfter Learning Sonata of AwakeningMask of {Truth}
58%
Stock Pot InnAfter Obtaining Hookshot and G---'s Mask{Couple's} Mask
50%
Mayor's ResidenceAfter Obtaining Ocarina of Time{Kafei's} Mask
50%
Back RoomAfter Obtaining K---i Mask{Keaton} Mask
50%
Deku ShrineAfter Defeating O----a and Rescuing Deku PrincessMask of {Scents}
50%
R----i RanchAfter acquiring Powder Keg and completing Protect Romani's Cows!{Romani's} Mask
50%
Ikana Valley (N64)
Pirate's Fortress (3DS)
After Learning Epona's Song (N64)/After Obtaining Z--a Mask (3DS){Stone} Mask
50%
Curiosity ShopAfter Obtaining Giant Wallet{All-Night} Mask
42%
Clock TownAfter Obtaining Ocarina of Time{Blast} Mask
42%
Laundry Pool1st or 2nd Night, After Obtaining Ocarina of Time{Bremen} Mask
42%
Music Box HouseAfter Learning Song of Storms{Gibdo} Mask
42%
Snowhead TempleAfter Defeating G--t{Goht's} Remains
42%
Great Bay TempleAfter Defeating G---g{Gyorg's} Remains
42%
West Clock TownAfter Obtaining the Letter to MamaPostman's Hat
42%
Milk BarAfter Obtaining Z--a Mask and R-----'s Mask{Troupe Leader's} Mask
42%
Stone Tower TempleAfter Defeating T------d{Twinmold's} Remains
42%
Ikana GraveyardAfter Learning Epona's Song and Obtaining G---'s MaskCaptain's Hat
33%
Mountain VillageAfter Learning the Goron Lullaby and Putting the Goron Elder's Son to Sleep{Don Gero's} Mask
33%
Gorman TrackAfter Learning Epona's Song{Garo's} Mask
33%
Clock TownAfter Obtaining Ocarina of Time{Great Fairy's} Mask
33%
Woodfall TempleAfter Defeating O----a{Odolwa's} Remains
33%
Stock Pot InnDuring Anju and K---i Side Quest{Sun} Mask
33%
North Termina FieldAfter Obtaining Ocarina of Time{Kamaro's} Mask
25%
Stock Pot InnDuring Anju and K---i Side Quest{Moon} Mask
25%

Score Distribution

Percentile by Number Answered

Percent of People with Each Score

Your Score History

You have not taken this quiz